Vybrané špecifické javy v talianskej terminológii podnikových financií

Bilaterálne hospodárske vzťahy. Zriedkavá znalosť angličtiny zo strany talianskych obchodníkov. Zložitosť taliančiny vzhľadom na obsahovú rôznorodosť. Obohacovanie odbornej lexiky v taliančine. Združené pomenovania v odbornej terminológii.

Salvato in:
Dettagli Bibliografici
Autore principale: Smoleňová, Elena, 1974-
Natura: Capitolo di libro
Lingua:slovacco
Soggetti:
Tags: Aggiungi Tag
Nessun Tag, puoi essere il primo ad aggiungerne!!

MARC

LEADER 00000naa$a2200000$$$4500
001 0084104
005 20240502071939.7
041 0 |a slo 
044 |a SK 
245 1 0 |a Vybrané špecifické javy v talianskej terminológii podnikových financií  |c Elena Smoleňová 
520 |a Bilaterálne hospodárske vzťahy. Zriedkavá znalosť angličtiny zo strany talianskych obchodníkov. Zložitosť taliančiny vzhľadom na obsahovú rôznorodosť. Obohacovanie odbornej lexiky v taliančine. Združené pomenovania v odbornej terminológii. 
610 2 0 |a Taliansko 
610 2 0 |a terminológia 
610 2 0 |a jazyky cudzie 
610 2 0 |a komunikácia 
100 1 |a Smoleňová, Elena, 1974-